000 01066nam a22003137a 4500
001 7236
003 FISKH
005 20250703111553.0
008 250703b cb ||||| |||| 00| 0 eng d
020 _a9780064400046
040 _aFISKH
_beng
_cFISKH
_dFISKH
050 _aPZ7.W6461 O
082 _a813.52
100 _aWilder, ingalls laura
_d(1867–1957)
245 _aOn the banks of plum creek /
_cBy Laura Ingalls Wilder ; Illustrated by Garth Williams
250 _aThis edition first published in 1971
260 _aNew York :
_bHarperTrophy,
_c1937
300 _a339 pages :
_billustrations ;
_c20 cm
490 _aLittle house
505 _aR
520 _aLaura and her family move to Minnesota where they live in a dugout until a new house is built and face misfortunes caused by flood, blizzard, and grasshoppers.
521 8 _a720
_bLexile
521 8 _aR
_bRaz-Plus
650 _2Pioneer
_aMinnesota
650 _2Young adult
_aAmerican history
700 _aWilliams, Garth
_dillustrator
942 _2ddc
_cBK
_n0
999 _c7236
_d7236